MARC

LEADER 00000nam0a2200000 4500
001 35542
005 20231101210317.0
035 |a (RuTPU)RU\TPU\book\35976 
035 |a BOOK00002628 
090 |a 35542 
100 |a 20011210d1984 m y0rusy50 ca 
101 0 |a rus 
102 |a RU 
105 |a y j 000zy 
200 1 |a Атомные электрические станции  |e учебник  |f Т. Х. Маргулова 
205 |a 4-е изд., перераб. и доп. 
210 |a Москва  |c Высшая школа  |d 1984 
215 |a 304 с. 
451 1 |0 (RuTPU)RU\TPU\book\35977  |t Атомные электрические станции  |o учебник  |f Т. Х. Маргулова  |e 5-е изд., перераб. и доп.  |c Москва  |n ИздАТ  |d 1994  |p 296 с.  |a Маргулова, Тереза Христофоровна 
451 1 |0 (RuTPU)RU\TPU\book\35975  |t Атомные электрические станции  |o учебник  |f Т. Х. Маргулова, Л. А. Подушко  |c Москва  |n Энергоиздат  |d 1982  |p 263 с.  |a Маргулова, Тереза Христофоровна 
606 1 |a Атомные электрические станции  |2 stltpush  |3 (RuTPU)RU\TPU\subj\72348  |9 85907 
610 1 |a атомные электростанции 
610 1 |a ядерное топливо 
610 1 |a теория 
610 1 |a установки 
610 1 |a схемы 
610 1 |a учебные пособия 
675 |a 621.311.25:621.039(075.8)  |v 3 
700 1 |a Маргулова  |b Т. Х.  |g Тереза Христофоровна 
801 0 |a RU  |b 63413507  |c 20011210  |g PSBO 
801 2 |a RU  |b 63413507  |c 20201204  |g PSBO 
900 |a Тепло- и парогенерирующие установки и аппараты 
900 |a Атомные элекростанции 
900 |a Введение в специальность 
900 |a Атомные и тепловые электростанции 
900 |a Тепловые и атомные электростанции 
900 |a Технология централизованного производства электроэнергии 
900 |a Малоотходные и ресурсосберегающие технологии 
900 |a Средства автоматизации и приборы контроля химического производства 
942 |c BK